El derecho de propiedad, la expropiación y la valoración del suelo / (Record no. 185304)

MARC details
000 -LEADER
campo de control de longitud fija 01257nam a2200313 i 4500
001 - NÚMERO DE CONTROL
campo de control 185304
003 - IDENTIFICADOR DE NÚMERO DE CONTROL
campo de control SpMaBN
005 - FECHA Y HORA DE LA ÚLTIMA TRANSACCIÓN
campo de control 20250829045306.0
008 - DATOS DE LONGITUD FIJA--INFORMACIÓN GENERAL
campo de control de longitud fija 160510s2009 sp |||| | spa d
020 ## - NÚMERO INTERNACIONAL ESTÁNDAR DEL LIBRO
Número Internacional Estándar del Libro 978-84-8355-644-3
080 ## - NÚMERO DE LA CLASIFICACIÓN DECIMAL UNIVERSAL
Número de la Clasificación Decimal Universal 349.412(460)
100 1# - ENTRADA PRINCIPAL--NOMBRE DE PERSONA
Nombre de persona Serrano Alberca, José Manuel.
9 (RLIN) 159540
245 13 - MENCIÓN DEL TÍTULO
Título El derecho de propiedad, la expropiación y la valoración del suelo /
Mención de responsabilidad, etc. José Manuel Serrano Alberca ; prólogo a la 1ª edición, José Manuel Sala Arquer.
250 ## - MENCION DE EDICION
Mención de edición 3ª ed.
260 ## - PUBLICACIÓN, DISTRIBUCIÓN, ETC.
Lugar de publicación, distribución, etc. Cizur Menor, Navarra :
Nombre del editor, distribuidor, etc. Aranzadi,
Fecha de publicación, distribución, etc. 2009.
300 ## - DESCRIPCIÓN FÍSICA
Extensión 605 p. ;
Dimensiones 25 cm.
490 1# - MENCIÓN DE SERIE
Mención de serie Monografías Aranzadi ;
Designación de volumen o secuencia 27
490 1# - MENCIÓN DE SERIE
Mención de serie Grandes tratados Aranzadi
500 ## - NOTA GENERAL
Nota general Índice.
650 #7 - PUNTO DE ACCESO ADICIONAL DE MATERIA--TÉRMINO DE MATERIA
Término de materia o nombre geográfico como elemento de entrada Propiedad inmobiliaria-
Subdivisión geográfica España.
9 (RLIN) 16487
650 #7 - PUNTO DE ACCESO ADICIONAL DE MATERIA--TÉRMINO DE MATERIA
Término de materia o nombre geográfico como elemento de entrada Expropiación forzosa-
Subdivisión geográfica España.
9 (RLIN) 159541
700 1# - ENTRADA AGREGADA--NOMBRE PERSONAL
Nombre de persona Sala Arquer, José Manuel.
9 (RLIN) 159542
830 0# - PUNTO DE ACCESO ADICIONAL DE SERIE-TÍTULO UNIFORME
Título uniforme Monografías Aranzadi ;
Designación de volumen o secuencia 27
9 (RLIN) 230896
830 00 - PUNTO DE ACCESO ADICIONAL DE SERIE-TÍTULO UNIFORME
Título uniforme Colección grandes tratados Aranzadi
9 (RLIN) 225783
852 ## - LOCALIZACIÓN
Ubicación ES-MaACL
Número de control de estantería A-13749
itemnumber 192327
Sublocalización o colección R.150987
Ubicación en estantería Depósito 1
Signatura antigua Olim: N-6749
Anotaciones manuscritas Dedicatoria autógrafa del autor
Donativo/Legado Donación: José Manuel Serrano Alberca
903 ## - NOMBRE PERSONAL DE DONANTE
9 159540
a Serrano Alberca, José Manuel
e Donante
942 ## - ELEMENTOS DE ENTRADA SECUNDARIOS (KOHA)
Fuente del sistema de clasificación o colocación Clasificación decimal universal
Tipo de ítem Koha Libro impreso
Holdings
Estatus retirado Estado de pérdida Fuente del sistema de clasificación o colocación Estado de daño No para préstamo Colección Biblioteca de origen Biblioteca actual Ubicación en estantería Fecha de adquisición Fuente de adquisición Total de préstamos Signatura topográfica completa Código de barras Visto por última vez Precio de reemplazo Tipo de ítem Koha Nota pública
    Clasificación decimal universal     Libros con dedicatorias Biblioteca del Ateneo de Madrid Biblioteca del Ateneo de Madrid Depósito 1 10/05/2016 Donación   A-13749 1195231 23/02/2023 23/02/2023 Libro impreso Dedicatoria autógrafa del autor